Marek, K.: Obchodněprávní smlouvy

Bibliographic Details
Main Author: Vich, Jan (Author)
Format: Article
Language:Slovak
Czech
ISSN:1335-6461
Subjects:

MARC

LEADER 00000nab a2200000 a 4500
001 vtls000817832
003 SK-MaSNL
005 20260304142614.0
008 250505c2002 xo 0 slo
015 |a SNBRB2002/12-38698 
035 |a CLN000169487 
035 |a urn:nbn:sk:snk-aboz7 
035 |a (urnnbn)urn:nbn:sk:snk:ar-00394g 
035 |a (uuid)78212c6d-95f9-4362-9d25-009baf2e562a 
040 |a SNKBUCL  |b slo  |c SNKBUCL  |e AACR2 
041 0 |a cze 
044 |a xo  |c SK 
080 |a 347.73(048)  |2 1997 
100 1 |a Vich, Jan  |4 aut  |9 1462465 
245 1 0 |a Marek, K.: Obchodněprávní smlouvy  |c Jan Vich 
650 0 7 |a obchodné zmluvy  |2 SNKPH  |9 13907 
655 7 |a články z novín a časopisov  |2 SNK  |9 267496 
655 7 |a recenzie  |2 SNKPH  |9 21907 
773 0 |t Justičná revue  |g Roč. 54, č. 10 (2002), s. 1224-1225  |x 1335-6461 
787 0 8 |i Rec.:  |a Marek, K.  |t Obchodněprávní smlouvy  |d Brno : Masarykova univerzita, 2002 
850 |a Slovenská národná knižnica 
852 |a Slovenská národná knižnica 
954 |a odborná, vedecká literatúra cudzojazyčná (svetová)  |2 lita 
954 |a odborná, vedecká literatúra pôvodná (slovenská)  |2 lita 
958 |a article27 
958 |a OND 
958 |a SK 
958 |a EUIPO 
992 |a RBX 
999 |c 2922073  |d 2924003